000 00616nam a2200181 4500
008 160915b xxu||||| |||| 00| 0 eng d
020 _a0702024481
082 _22000
_aDC 353.6274
_bN14
100 _914585
_aNaidoo, Jennie
245 _aHealth promotion:
_bfoundations for practice/
_cJennie Naidoo and Jane Wills.
250 _a2nd edition
260 _aEdinburgh:
_bRoyal College of Nursing,
_cc2000.
300 _axii, 400 pages:
_billustrations;
_c27 cm.
500 _aIncludes bibliographical references and index.
650 0 _914586
_aHealth
700 _914587
_aWills, Jane
_eAuthor
942 _2ddc
_cDC
999 _c4526
_d4526